LIBRARY & INFORMATION CENTRE, KCAET, TAVANUR

ONLINE PUBLIC ACCESS CATALOGUE (OPAC)

Fundamentals of Internal Combustion Engines as applied to | Reciprocating, Gas Turbine and Jet Propulsion Power Plants (Record no. 19318)

MARC details
000 -LEADER
fixed length control field 00492nam a22001577a 4500
003 - CONTROL NUMBER IDENTIFIER
control field OSt
008 - FIXED-LENGTH DATA ELEMENTS--GENERAL INFORMATION
fixed length control field 250206b |||||||| |||| 00| 0 eng d
041 ## - LANGUAGE CODE
Language code of text/sound track or separate title eng
082 ## - DEWEY DECIMAL CLASSIFICATION NUMBER
Classification number 621.43
Item number GIL/FU
100 ## - MAIN ENTRY--AUTHOR NAME
Personal name Gill, Paul W
245 ## - TITLE STATEMENT
Title Fundamentals of Internal Combustion Engines as applied to
Remainder of title Reciprocating, Gas Turbine and Jet Propulsion Power Plants
250 ## - EDITION STATEMENT
Edition statement 4th Revised
260 ## - PUBLICATION, DISTRIBUTION, ETC. (IMPRINT)
Place of publication New Delhi:
Name of publisher Oxford & IBH Publishing Co Pvt Ltd,
Year of publication 1959.
300 ## - PHYSICAL DESCRIPTION
Number of Pages 20-17+I-13p.
942 ## - ADDED ENTRY ELEMENTS (KOHA)
Koha item type Books
Holdings
Withdrawn status Lost status Damaged status Home library Current library Shelving location Date acquired Cost, normal purchase price Full call number Accession Number Koha item type
      KAUAET KAUAET Scheme 06/02/2025 95.00 621.43 GIL/FU 18290 Books
      KAUAET KAUAET Scheme 06/02/2025 95.00 621.43 GIL/FU 18291 Books
free website counter